Statistics for Madden NFL 22 Top 20 QBs

Click here to take the quiz!

General Stats

  • This quiz has been taken 1,073 times
    (1,057 since last reset)
  • The average score is 19 of 20

Answer Stats

ClubOverallPlayer% Correct
Kansas City Chiefs98Patrick Mahomes
100%
Tampa Bay Buccaneers98Tom Brady
100%
Green Bay Packers96Aaron Rodgers
99%
Buffalo Bills89Josh Allen
99%
Baltimore Ravens92Lamar Jackson
99%
Seattle Seahawks94Russell Wilson
99%
Dallas Cowboys91Dak Prescott
98%
Cincinnati Bengals82Joe Burrow
98%
Las Vegas Raiders85Derek Carr
97%
Arizona Cardinals88Kyler Murray
97%
Los Angeles Chargers84Justin Herbert
96%
Minnesota Vikings80Kirk Cousins
96%
Los Angeles Rams85Matthew Stafford
96%
Tennessee Titans86Ryan Tannehill
96%
Houston Texans87Deshaun Watson
95%
Atlanta Falcons83Matt Ryan
95%
Jacksonville Jaguars76Trevor Lawrence
93%
Cleveland Browns81Baker Mayfield
91%
New Orleans Saints78Jameis Winston
87%
Denver Broncos77Teddy Bridgewater
69%

Score Distribution

Percentile by Number Answered

Percent of People with Each Score

Your Score History

You have not taken this quiz since the last reset